भारत में जातिगत संस्कार, परम्पराएँ एवं कला - संस्कृति (Record no. 1467354)

MARC details
000 -LEADER
fixed length control field 01154 a2200217 4500
005 - DATE AND TIME OF LATEST TRANSACTION
control field 20260119164221.0
008 - FIXED-LENGTH DATA ELEMENTS--GENERAL INFORMATION
fixed length control field 260119b |||||||| |||| 00| 0 eng d
020 ## - INTERNATIONAL STANDARD BOOK NUMBER
International Standard Book Number 9788119497782 (सेट)
037 ## - SOURCE OF ACQUISITION
Terms of availability REF
040 ## - CATALOGING SOURCE
Original cataloging agency AL
Transcribing agency AL
041 ## - LANGUAGE CODE
Source of code hin
Language code of text/sound track or separate title hin
084 ## - COLON CLASSIFICATION NUMBER
Classification number z44 152R5.1-.4 (RR)
Assigning agency AL
100 ## - MAIN ENTRY--PERSONAL NAME
Personal name पटेल, यू. के.
9 (RLIN) 863220
245 ## - TITLE STATEMENT
Title भारत में जातिगत संस्कार, परम्पराएँ एवं कला - संस्कृति
260 ## - PUBLICATION, DISTRIBUTION, ETC.
Name of publisher, distributor, etc. पैराडाइज पब्लिशर्स,
Date of publication, distribution, etc. 2025.
Place of publication, distribution, etc. जयपुर, भारत:
300 ## - PHYSICAL DESCRIPTION
Extent भाग 1 (248पृ.), भाग 2 ( 249पृ. ), भाग 3 (256पृ.), भाग 4 (250पृ.)
365 ## - TRADE PRICE
Price amount 9980.00
Currency code INR
650 ## - SUBJECT ADDED ENTRY--TOPICAL TERM
Topical term or geographic name entry element भारतीय ज्ञान
9 (RLIN) 905481
942 ## - ADDED ENTRY ELEMENTS (KOHA)
Koha item type Reference
Source of classification or shelving scheme Colon Classification (CC)
Suppress in OPAC No
Classification part z44 152R5.1-.4 (RR)
Holdings
Withdrawn status Lost status Source of classification or shelving scheme Damaged status Not for loan Home library Current library Date acquired Source of acquisition Cost, normal purchase price Serial Enumeration / chronology Inventory number Total Checkouts Full call number Barcode Date last seen Cost, replacement price Price effective from Koha item type
    Colon Classification (CC)   Not For Loan Arts Library Arts Library 2026-01-16 114/ किरण बुक सर्विस 2495.00 भाग 1 IN00092/2026-01-15   z44 152R5.1 AL1805146 2026-01-16 9980.00 2026-01-16 Reference
    Colon Classification (CC)   Not For Loan Arts Library Arts Library 2026-01-08 114/ किरण बुक सर्विस 2495.00 भाग 2 IN00092/2026-01-15   z44 152R5.2 AL1805147 2026-01-08 9980.00 2026-01-08 Reference
    Colon Classification (CC)   Not For Loan Arts Library Arts Library 2026-01-08 114/ किरण बुक सर्विस 2495.00 भाग 3 IN00092/2026-01-15   z44 152R5.3 AL1805148 2026-01-08 9980.00 2026-01-08 Reference
    Colon Classification (CC)   Not For Loan Arts Library Arts Library 2026-01-08 114/ किरण बुक सर्विस 2495.00 भाग 4 IN00092/2026-01-15   z44 152R5.4 AL1805149 2026-01-19 9980.00 2026-01-08 Reference
Copyright @ Delhi University Library System